Statistics for Political Groups of European Parliament

Click here to take the quiz!

General Stats

  • This quiz has been taken 19 times
  • The average score is 5 of 11

Answer Stats

HintAnswer% Correct
74Greens/ European Free Alliance (Greens-EFA)
89%
182European People's Party (EPP)
67%
108Renew Europe (RE)
67%
152Progressive Alliance of Socialists and Democrats (S&D)
61%
41European United Left/ Nordic Green Left (GUE/NGL)
50%
73Identity and Democracy (ID)
44%
38European Conservatives and Reformists (ECR)
39%
40Non-Inscrits (NI)
39%
14Five Star Movement (M5S)
11%
24Law and Justice (PiS)
6%
5Vacant
0%

Score Distribution

Percentile by Number Answered

Percent of People with Each Score

Your Score History

You have not taken this quiz